Most Bankable Directors (per film average) - Statistics

General Stats
  • This quiz has been taken 693 times
    445 since last reset
  • The average score is 11 of 25
Answer Stats
Average Film Gross Top Grossing Film Director % Correct
$219.4 M Avatar James Cameron
94%
$290.7 M Star Wars: The Phantom Menace George Lucas
92%
$153.9 M E.T. Steven Spielberg
92%
$201.8 M The Dark Knight Christopher Nolan
83%
$177.9 M Return of the King Peter Jackson
83%
$194.9 M Transformers 2: The Rape of Your Childhood Michael Bay
75%
$114.5 M The Sixth Sense M. Night Shyamalan
64%
$127.5 M Forrest Gump Robert Zemeckis
63%
$138.6 M Iron Man Jon Favreau
56%
$119.4 M Hairy Pooter and the Sorcerer's Bone Chris Columbus
49%
$126.7 M Man of Steel Zack Snyder
49%
$158.3 M The Incredibles Brad Bird
46%
$123.3 M X-Men: Days of Future Past Bryan Singer
39%
$169.0 M Dead Man's Chest Gore Verbinski
34%
$207.2 M Toy Story 2 John Lasseter
30%
$118.9 M Independence Day Roland Emmerich
28%
$230.6 M Catching Fire Francis Lawrence
19%
$116.1 M Talladega Nights Adam McKay
15%
$113.7 M Twister Jan DeBont
13%
$123.4 M Pirates 4: On Stranger Tides Rob Marshall
10%
$135.9 M Meet the Fockers Jay Roach
8%
$192.5 M Shrek 2 Andrew Adamson
7%
$123.9 M The Lion King Rob Minkoff
6%
$161.9 M Ice Age 3 Carlos Saldanha
3%
$152.8 M Madagascar 3 Eric Darnell
2%
No matching quizzes found
Score Distribution
Percent of People with Each Score
Percentile by Number Answered
Your Score History
You have not taken this quiz since the last reset